[Event "Pennant A"]
[Site "Adelaide"]
[Date "1998.10.20"]
[Round "2.1"]
[White "Sykes, Alexander"]
[Black "Sheldrick, Kevin"]
[Result "0-1"]
[WhiteElo "1904"]
[BlackElo "1801"]
[Annotator "Fritz 5.00 - Anderson-Smith,W"]
[PlyCount "60"]
[EventDate "1998.10.13"]
[EventType "team"]
[EventRounds "6"]
[EventCountry "AUS"]

1. d4 d5 2. c4 e5 3. dxe5 d4 {Queen's Gambit, Albin's Counter Gambit} 4. Nf3
Nc6 5. g3 Be6 (5... Bg4 6. Bg2 Qd7 7. O-O (7. h3 Be6 8. Nbd2 O-O-O 9. a3 Nge7
10. Ng5 Nxe5 11. Nxe6 Qxe6 12. O-O h5 13. Ne4 Qxc4 14. Bg5 f6 15. Rc1 Qb5 16.
a4 Qb6 17. Bd2 N7c6 18. f4 Nd7 19. Nf2 Nb4 20. Rc4 a5 21. Nd3 Nxd3 22. exd3 Bb4
23. Bxb4 axb4 24. Qf3 c6 25. Rfc1 Nb8 26. Qe4 Rhe8 27. Qf5+ Kc7 28. a5 Qa6 29.
Rxb4 Re3 30. Be4 Rxg3+ 31. Kh2 h4 32. Rb6 Qa8 33. b4 Rd6 34. b5 Qxa5 35. Rxb7+
Kd8 36. Rxb8+ Ke7 37. Rb7+ Kd8 38. Rc2 Qe1 39. Bg2 g6 40. Rb8+ Ke7 41. Qc8 {
1-0 Horvath,P-Biro,S/Harkany op 1994/EXP 45}) 7... O-O-O 8. Qb3 h5 9. h4 f6 10.
exf6 gxf6 11. Rd1 Bh3 12. Bh1 Bc5 13. Nc3 Qg4 14. Na4 Bd6 15. Kh2 d3 16. Rxd3
Nge7 17. c5 Bxg3+ 18. fxg3 Bf1 19. Bf4 Bxe2 20. Rxd8+ Rxd8 21. Bg2 Kb8 22. Re1
Rd3 23. Qc4 Rxf3 24. Bxf3 Bxf3 25. Qe6 Qg6 26. Qc4 Bd5 27. Qc3 Bxa2 28. b3 Qf7
29. Qd2 Bxb3 30. Qd7 Ne5 31. Qd8+ Nc8 32. Ra1 Qc4 33. Bxe5 Qe2+ 34. Kg1 Qxe5
35. Rf1 Qxg3+ 36. Kh1 Qxh4+ 37. Kg2 Bxa4 38. Rxf6 {
0-1 Birnboim,N-Veinger,I/Munich zt 1987/CBM 03}) 6. Nbd2 Qd7 7. Bg2 O-O-O 8. a3
$146 {Secures b4} (8. O-O Bh3 (8... Nge7 9. Ne4 Ng6 10. Bg5 Be7 11. Bxe7 Qxe7
12. Qa4 a6 13. Nfg5 Bd7 14. e6 fxe6 15. a3 Nce5 16. Qc2 Bc6 17. Bh3 Bxe4 18.
Nxe4 Kb8 19. f4 d3 20. exd3 Nxd3 21. b4 Qd7 22. Rad1 Qd4+ 23. Nf2 {
Mueller,A-Braje,M/DVM U20 1996/1-0 (53)}) 9. Nb3 Bxg2 10. Kxg2 h5 11. h4 Nh6
12. Bg5 Be7 13. Qd2 Bxg5 14. Qxg5 Ng4 15. Rfd1 f6 16. exf6 gxf6 17. Qf4 Qe6 18.
Nbxd4 Nxd4 19. Nxd4 Qxc4 20. Rac1 Qf7 21. Ne6 Ne5 22. Rxd8+ Rxd8 {
Huss,R-Brandt,C/Hessen qual 1991/GER 02/1-0 (38)}) (8. Qb3 Be7 9. h4 Nh6 {
1/2-1/2 Portisch,F-Chetverik,M/Zalakaros op 1994/TD 94\02}) 8... Nge7 9. b4 Ng6
10. b5 $11 {White wins space} (10. Qa4 $5 {is an interesting alternative} Kb8
11. Bb2 $14) 10... Ncxe5 11. Qa4 Kb8 {Black prepares the advance d3} 12. O-O (
12. Bb2 Bc5 $11) 12... d3 13. e3 $15 {Covers f4} (13. Re1 Bg4 $11) 13... Bh3 (
13... Nxf3+ 14. Bxf3 Bd6 15. Bb2 $15) 14. Bb2 (14. Nxe5 Nxe5 15. Bb2 Bxg2 16.
Kxg2 Qe6 $11) 14... Be7 $4 $18 {gives the opponent counterplay} (14... Nxf3+
$142 {would hold out} 15. Nxf3 Bxg2 $11) 15. Rfc1 $4 $15 {
overlooking an easy win} (15. Nxe5 $142 {secures the win} Nxe5 16. Bxh3 Qxh3
17. Bxe5 $18) 15... h5 $4 $18 {throwing away the advantage} (15... Bf6 $142 {
this is the best bet to save the position} 16. Nxe5 Bxe5 (16... Nxe5 $143 17.
Bd4 b6 18. Be4 $14) 17. Bxe5 Nxe5 $15) 16. Bh1 $4 $11 {
ruins a clearly superior position} (16. Nxe5 $142 {secures the point} Nxe5 17.
Bd4 $18) 16... Qg4 $4 $18 {
Black intends h4. letting the wind out of his own sails} (16... Bf6 $142 {
is just about the only chance} 17. Nxe5 Bxe5 (17... Nxe5 $2 18. Bd4 c5 19. Bxc5
$18) 18. Bxe5 Nxe5 $11) 17. Nd4 $17 (17. Nxe5 $142 {nails it down} Nxe5 18.
Bxe5 $18) 17... h4 18. Rab1 $2 $19 (18. Nc6+ $142 $5 bxc6 19. bxc6 $17) 18...
hxg3 {Threatening mate: gxf2} 19. fxg3 Nh4 $4 $14 {
there were better ways to keep up the pressure} (19... Qh5 $142 {
a pity that Black didn't try this} 20. Re1 Bf5 $19) 20. Nc6+ $4 $19 {
releasing the pressure on the opponent} (20. b6 axb6 21. Nb5 Nhf3+ 22. Nxf3
Nxf3+ 23. Kf2 $19) 20... Nxc6 $1 {securing the advantage in this game} (20...
bxc6 $4 21. Bxe5 Bg5 22. Re1 $18) 21. bxc6 Bc5 {The mate threat is Bxe3} 22.
Re1 Qg5 $2 $18 (22... b6 $142 {would keep Black in the game} 23. Qa6 Qc8 24.
Qxc8+ Kxc8 25. gxh4 Rxh4 $16) 23. Be4 $4 $19 {gives away a clear win} (23. Bd4
b6 24. Bxc5 Qxc5 25. Rb5 (25. gxh4 $6 {is the weaker alternative} Rxh4 26. Qb5
Qd6 $11) 25... Qxb5 26. Qxb5 $18) 23... Bxe3+ 24. Kh1 Rhe8 $4 $14 {
not a good decision, because now the opponent is right back in the game} (24...
Nf5 25. Be5 Nxg3+ 26. Bxg3 Qxg3 27. Rxb7+ Ka8 28. Qxa7+ Bxa7 29. Rxa7+ Kxa7 30.
hxg3 Rde8 $19) 25. gxh4 Qf4 26. c5 $11 (26. Bd4 Bxd4 27. Qa6 Bg2+ 28. Kxg2 Qg4+
29. Kh1 $18) 26... Bxc5 (26... Bxd2 27. Be5 $3 {a sacrifice to finish the game}
Bg2+ 28. Kxg2 Qg4+ 29. Kh1 Qc8 30. Qa6 Bb4 31. Rxb4 b6 32. cxb6 Qxa6 33. bxc7+
Ka8 34. cxd8=R+ Rxd8 35. c7+ Qc6 36. cxd8=Q#) 27. Bc3 {
With the decisive threat Qa6} Bb6 $11 (27... b6 28. Qa6 Bc8 29. Qc4 $19) 28.
Rxb6 $17 (28. Qc4 $142 $5 {would keep White alive} Qxh4 29. Qxf7 $11 (29. cxb7
f5 30. Qc6 fxe4 31. Rxe4 Rxe4 32. Qxe4 Qxe4+ 33. Nxe4 Bd7 $19)) 28... cxb6 {
Threatening f5} (28... axb6 29. cxb7 c5 30. Nc4 Rxe4 31. Qa8+ Kc7 32. b8=Q+
Rxb8 33. Qxe4 Qxe4+ 34. Rxe4 $11) 29. c7+ $2 $19 (29. Rc1 Re7 $1 {
the end of the story} 30. Qb5 $19 (30. cxb7 f5 (30... Rxb7 $143 31. Qb5 Re7 32.
Qc6 (32. Bxd3 $2 {is a blank shot} Bc8 33. Qg5 Bb7+ 34. Be4 Bxe4+ 35. Nxe4
Qxe4+ 36. Kg1 f6 37. Qg3+ Ka8 $19) 32... Rxe4 33. Qxe4 Qxe4+ 34. Nxe4 $14) 31.
Bb4 Rxe4 (31... fxe4 32. Bxe7 Bg2+ 33. Kxg2 Qxd2+ 34. Kg3 Qxc1 35. Bxd8 $15)
32. Rc8+ Rxc8 33. bxc8=Q+ Kxc8 34. Qc6+ Kd8 35. Qa8+ Kd7 36. Qd5+ Kc7 37. Qf7+
Kc6 38. Qg6+ Kb5 $19)) 29... Kxc7 $4 $18 {
an unfortunate move that relinquishes the win.} (29... Qxc7 $142 {
finishes off the opponent} 30. Rc1 Bd7 $19) 30. Qc4+ $4 $19 {
forfeits the clear win} (30. Qxa7 $142 {and White has prevailed} Rb8 31. Rc1
$18) 30... Kb8 (30... Kb8 31. Rg1 Be6 $19) 0-1

[Event "Pennant A"]
[Site "Adelaide"]
[Date "1998.10.20"]
[Round "2.2"]
[White "Ayris, Tony"]
[Black "Sarma, Venu"]
[Result "0-1"]
[WhiteElo "1900"]
[BlackElo "1465"]
[Annotator "Fritz 5.00 - Anderson-Smith,W"]
[PlyCount "100"]
[EventDate "1998.10.13"]
[EventType "team"]
[EventRounds "6"]
[EventCountry "AUS"]

1. e4 e6 2. d4 d5 3. Nc3 dxe4 {French Defence, Rubinstein Variation} 4. Nxe4
Nd7 5. Nf3 Be7 6. Bd3 Ngf6 7. Nxf6+ Nxf6 (7... Bxf6 8. Qe2 (8. O-O c5 9. dxc5
Nxc5 10. Bb5+ Bd7 11. Qe2 O-O 12. Be3 Rc8 {
1/2-1/2 Kuczynski,R-Kaminski,M/POL-ch 1996/TUR 96}) 8... c5 (8... O-O 9. h4 Re8
10. Qe4 Nf8 11. Bg5 Bd7 12. Ne5 Bc6 13. Qg4 Qe7 14. O-O-O Red8 15. Rh3 Be8 16.
Rf3 Kh8 17. Qf4 Rac8 18. Ng4 Bxg5 19. hxg5 Qd6 20. Ne5 Qxd4 21. Qh2 g6 22. Rxf7
Bxf7 23. Nxf7+ Kg8 24. Nxd8 Qxd8 25. Qe5 Qd6 26. Qe3 Qb6 27. Qd2 Rd8 28. f4 Qc5
29. Qe2 Rd6 30. Rf1 a5 31. g4 Qd4 32. Be4 c6 33. c3 Qc5 34. Kb1 b5 35. Bc2 a4
36. a3 Nd7 37. f5 gxf5 38. gxf5 Qe5 39. Qh5 Nf8 40. f6 Rd7 41. f7+ Kh8 42. Rh1
Qg7 43. Bxh7 Nxh7 44. g6 {
1-0 Pavlovic,M-Rajkovic,L/JUG-Cup qual Arandjelovac 1991/TD 91\07}) 9. d5 Nb6
10. dxe6 Bxe6 11. h4 h6 12. a4 Qe7 13. a5 Nd5 14. a6 b6 15. O-O O-O-O 16. c4
Nb4 17. Be4 g5 18. Bb7+ Kb8 19. hxg5 hxg5 20. Nxg5 Nd3 21. Nxe6 fxe6 22. Rd1
Nxc1 23. Raxc1 Bd4 24. g3 Qg5 25. Kg2 Rhf8 26. Bf3 Qf5 27. Rd2 e5 28. Rh1 Rh8
29. Rdd1 Kc7 30. b3 Rdf8 31. Rxh8 Rxh8 32. Kf1 Rf8 33. Rd3 e4 34. Rxd4 cxd4 35.
Bxe4 Qe5 36. Qd3 b5 37. Kg2 Kb6 38. Bf3 Kxa6 39. cxb5+ Kb6 40. Qc4 Qd6 41. Bc6
d3 42. Qc3 Rd8 43. b4 Qd4 44. Qd2 Kc7 45. Bf3 Rd6 46. Qc1+ Kb6 47. Qa3 Kxb5 48.
Qa5+ Kc4 49. Qa2+ Kxb4 50. Qb1+ Kc5 51. Qc1+ Kb5 52. Qg5+ Kb6 53. Qd2 a5 54. g4
a4 55. Kg3 a3 56. Qa2 d2 57. Qb3+ Kc7 58. Qb7+ Kd8 {
0-1 Ivanov,A-Sierawan,Y/Reykjavik op 1990/EXP 18}) 8. c3 O-O 9. Qe2 $146 (9.
Bg5 Bd7 10. Qc2 h6 11. h4 Be8 12. Qd2 Ng4 13. Bxe7 Qxe7 14. Qf4 f5 15. Ne5 Nxe5
16. Qxe5 Qd6 17. Bc4 Qxe5+ 18. dxe5 Kf7 19. Ke2 Ke7 20. h5 f4 21. Bd3 Bc6 22.
f3 Rad8 23. Be4 Bb5+ 24. Ke1 Bd3 25. Rh3 Rd7 26. Rd1 Rfd8 27. Rh4 Bxe4 28.
Rxd7+ Rxd7 29. fxe4 Rd3 30. Rg4 Rg3 31. Rxg3 fxg3 32. Ke2 Kf7 33. Kf3 g6 34.
hxg6+ Kxg6 35. Kxg3 Kg5 36. b4 b5 37. Kf3 Kh4 38. Kf4 Kh5 39. g3 a6 40. a3 c6
41. Kf3 Kg5 {1/2-1/2 Borngaesser,R-Senger,R/BL 8182 1982/BL 80}) (9. Qc2 c5 10.
dxc5 Qc7 11. Bg5 h6 12. h4 e5 13. Bxf6 Bxf6 14. O-O-O Bg4 15. Bh7+ Kh8 16. Be4
Bxf3 17. Bxf3 Qxc5 18. Rd7 Rad8 19. Rxb7 a5 20. Be4 Qc4 21. b3 Qc5 22. g4 g5
23. h5 Rd6 {Conquest,S-Kaloussis,E/Katerini op 1992/EXP 32/1-0 (64)}) 9... c5
10. O-O (10. dxc5 Bxc5 11. O-O Qc7 $14) 10... Qc7 11. Bg5 Bd7 12. Rac1 Bc6 13.
dxc5 $15 (13. Ne5 $142 $5 $14 {and White can hope to live}) 13... Bxf3 $16 (
13... Ng4 $142 {would allow Black to play on} 14. Qd2 Bxg5 15. Qxg5 Bxf3 $15)
14. Qxf3 (14. gxf3 $6 Qxc5 15. f4 Rfd8 $15) 14... Qxc5 15. Be3 $11 (15. Bxf6
Bxf6 16. Qxb7 Qh5 $16) 15... Qd5 16. Qe2 Rfd8 17. Bb1 b5 $14 (17... Qe5 18.
Rce1 $11) 18. Bd4 Qg5 19. f4 Qh5 20. Qxh5 {White is in command} Nxh5 21. Be4
$11 (21. Rce1 Bf6 22. Be3 g6 $14) 21... Rac8 22. f5 Bc5 $14 (22... Nf6 23. Bb7
Rc7 24. Ba6 $11) 23. Bxc5 Rxc5 24. fxe6 fxe6 {Secures d5+f5} 25. Rcd1 {
The mate threat is Rxd8} Rcc8 $14 (25... Rxd1 26. Rxd1 Nf6 27. Bf3 $11) 26. Bb7
Rxd1 $16 (26... Rb8 27. Ba6 $14) 27. Rxd1 Rc7 $16 (27... Rb8 28. Bf3 Nf6 29.
Rd6 $14) 28. Ba6 Rc5 (28... b4 29. cxb4 Rc2 30. Rd7 $16) 29. Rd8+ (29. Rd7 $5
Nf4 $16) 29... Kf7 30. Rd7+ Kf6 31. Rxa7 Nf4 32. Rb7 Nd3 33. a4 $4 $11 {
White is ruining his position} (33. Rxb5 $142 {White has a promising position}
Rxb5 34. Bxb5 Nxb2 35. a4 $18) 33... Re5 {Threatening mate: Re1} 34. h3 Nc5 35.
Rb6 Nxa4 36. Rxb5 Rxb5 37. Bxb5 Nxb2 38. Kf1 Nd1 39. c4 Ke7 (39... Nc3 40. Kf2
$11) 40. Ke2 Nc3+ 41. Kd3 Nd1 $16 (41... Nxb5 42. cxb5 g5 43. Kd4 $18) 42. Kd4
$14 (42. c5 Kd8 $16) 42... Kd6 $18 (42... Kf6 $142 $5 $14 {is interesting}) 43.
Ba4 $4 $19 {instead of simply winning the game} (43. c5+ $142 Kc7 44. Ba4 $16)
43... e5+ 44. Ke4 Nc3+ 45. Kf5 Nxa4 46. g4 (46. Ke4 {is not the saving move}
Nc5+ 47. Ke3 h5 $19) 46... Nc5 47. h4 (47. g5 $19 {there is nothing else anyway
}) 47... Ne6 (47... g6+ $142 {secures victory} 48. Kg5 Ne6+ 49. Kh6 e4 $19) 48.
g5 Nd4+ 49. Ke4 g6 50. c5+ (50. Ke3 {does not help much} Nf5+ 51. Kf3 Ke6 $19)
50... Ke6 (50... Ke6 51. Ke3 Kd5 $19) 0-1

[Event "Pennant A"]
[Site "Adelaide"]
[Date "1998.10.20"]
[Round "2.3"]
[White "Yang, Song"]
[Black "Benham, Christopher"]
[Result "0-1"]
[WhiteElo "1329"]
[BlackElo "1640"]
[Annotator "Fritz 5.00 - Anderson-Smith,W"]
[PlyCount "93"]
[EventDate "1998.10.13"]
[EventType "team"]
[EventRounds "6"]
[EventCountry "AUS"]

1. e4 e5 2. f4 exf4 3. Nf3 d5 {King's Gambit, Modern Defence} 4. exd5 Nf6 5.
Nc3 (5. Bb5+ c6 6. dxc6 Nxc6 {Spassky} 7. d4 Bd6 8. O-O O-O 9. Nbd2 (9. c4 Bg4
10. Nc3 Ne7 11. h3 Bh5 12. c5 Bc7 13. Bc4 b6 14. b4 a5 15. bxa5 bxc5 16. dxc5
Qc8 17. Kh2 Nf5 18. Nb5 Be5 19. Rb1 Ne3 20. Bxe3 fxe3+ 21. Kh1 Qxc5 22. Rc1 Qe7
23. Qe1 Bb8 24. Qh4 Bxf3 25. Rxf3 Qe5 26. g3 Rxa5 27. Nd4 Rc5 28. Rf5 Qe4+ 29.
Qxe4 Nxe4 30. Rxc5 Nxc5 31. Nf5 Ne4 32. Kg2 Ba7 33. Kf3 Nd2+ 34. Ke2 Nxc4 35.
Rxc4 g6 36. Nxe3 Re8 37. Rc3 Bd4 38. Rd3 Be5 39. Kf3 Ra8 40. a3 Ra4 41. Nc2 Kg7
42. Rb3 h5 43. Rb4 Ra5 44. a4 Bd6 45. Rc4 Rf5+ 46. Kg2 Rg5 47. g4 {
1/2-1/2 Riemersma,L-Ibragimov,I/Hania op 1993/EXP 36}) 9... Bg4 10. Nc4 Bxf3
11. Rxf3 Bc5 12. Bxc6 Qxd4+ 13. Qxd4 Bxd4+ 14. Kf1 bxc6 15. Bxf4 Nd5 16. Rd1
Bf6 17. Be5 Bg5 18. Bd4 Rfd8 19. Bc5 h6 20. Rfd3 Bf6 21. g3 Re8 22. Re1 Rxe1+
23. Kxe1 Re8+ 24. Kf2 Re4 25. b3 a6 26. a4 h5 27. Ne3 Nc3 28. Kf3 Re6 29. Rd6
Ne4 30. Rxe6 Ng5+ 31. Ke2 Nxe6 32. Bb6 Kf8 33. Nc4 Ke7 34. Bf2 {
1/2-1/2 Renet,O-Van der Sterren,P/Budel zt 1987/CBM 03}) 5... Nxd5 (5... Bd6 6.
Bb5+ Nbd7 7. Qe2+ Qe7 8. Qxe7+ Kxe7 9. O-O Nb6 10. Re1+ Kf8 11. d3 a6 12. Bc4
Nxc4 13. dxc4 Bf5 14. Ne2 g5 15. Ned4 Bc5 16. b4 Bxd4+ 17. Nxd4 Bd7 18. Bb2 Rg8
19. a4 Ng4 20. c5 {Perdomo,C-Estrada Nieto,J/Candas op 1996/EXP 51/1-0 (33)})
6. Bc4 Be6 7. Nxd5 Bxd5 8. Bxd5 $146 (8. Qe2+ Be7 9. O-O Nc6 10. Bb5 O-O 11. c3
a6 12. Ba4 Bc5+ 13. Kh1 Re8 14. Qd1 Qf6 15. d4 Bd6 16. Bc2 Re7 17. Bd2 Rae8 18.
Bd3 Be4 19. Qc2 Qg6 20. Bxe4 Rxe4 21. Rad1 Qg4 22. Rde1 Re2 23. Rxe2 Rxe2 24.
Rg1 Ne7 25. Qd1 Re6 26. Re1 Nd5 27. Rxe6 Qxe6 28. c4 Ne3 29. Bxe3 fxe3 30. Qe2
h6 31. Ne1 Qe4 32. Nc2 f5 33. Kg1 f4 34. b3 c5 35. d5 g5 36. h3 Kg7 37. Ne1 Qb1
38. Kf1 Be5 39. Qc2 Qxc2 40. Nxc2 h5 41. Ke2 Kf6 42. Kf3 Kf5 43. Ne1 g4+ {
0-1 Mazariego,C-Shterenberg,N/Thessaloniki olw 1984/BIG 80}) 8... Qxd5 9. O-O (
9. d4 Bd6 $15) 9... Nc6 10. d3 g5 11. Bd2 (11. Re1+ Be7 $17) 11... O-O-O 12.
Bc3 Rg8 13. Nd2 Nd4 14. Nb3 Nf5 15. Bd2 (15. Qh5 Bg7 $17) 15... Bd6 (15... Bg7
16. Rb1 $17) 16. Qf3 $19 (16. Qg4 $142 $5 $17) 16... Qxf3 17. Rxf3 Rde8 18. Re1
Rxe1+ 19. Bxe1 Re8 20. Bc3 $19 (20. Bd2 h5 $17) 20... Ne3 $15 (20... Re2 $5 $19
) 21. Bf6 $19 (21. Rh3 $142 $5 $15 {is an interesting idea}) 21... h6 22. c4 (
22. Bg7 Nxc2 23. Bxh6 f6 $19) 22... Ng4 23. Bc3 f5 24. c5 Be5 {
Black gets the initiative} 25. d4 Bg7 26. Nd2 Re1+ 27. Rf1 Re2 28. Nc4 Re4 29.
Rd1 Ne3 30. Nxe3 fxe3 31. Rd3 (31. g3 $142 $19) 31... f4 (31... e2 $142 $5 {
keeps an even firmer grip} 32. Kf2 Bxd4+ 33. Rxd4 e1=Q+ 34. Bxe1 Rxd4 35. b4
$19) 32. Kf1 g4 33. Ke2 h5 34. b4 Re8 35. Rd1 Rd8 $17 (35... Bh6 36. Rf1 $19)
36. g3 fxg3 (36... Bh6 37. gxf4 Bxf4 38. Rh1 $19) 37. hxg3 Bh6 $15 (37... Rf8
38. Rh1 Rf2+ 39. Kxe3 Rf3+ 40. Kd2 Rxg3 41. Rxh5 $17) 38. d5 $17 (38. Rf1 c6
$11) 38... Rf8 $15 (38... b6 39. d6 cxd6 40. cxb6 axb6 41. Rh1 $15) 39. Rf1
Rxf1 40. Kxf1 Kd7 41. Ke2 Bg5 42. Bd4 a6 43. Bxe3 Bf6 44. Kd3 Bb2 45. a4 Be5
46. Bf2 Ke7 $14 (46... b5 47. Ke4 Bg7 48. axb5 axb5 49. Bd4 $16) 47. Ke4 0-1

[Event "Pennant A"]
[Site "Adelaide"]
[Date "1998.10.20"]
[Round "2.4"]
[White "Wawryck, Stephen"]
[Black "Beltsos, Michael"]
[Result "1-0"]
[WhiteElo "1472"]
[BlackElo "1339"]
[Annotator "Fritz 5.00 - Anderson-Smith,W"]
[PlyCount "86"]
[EventDate "1998.10.13"]
[EventType "team"]
[EventRounds "6"]
[EventCountry "AUS"]

1. c4 e5 2. Nc3 Nf6 3. g3 {English Opening, Carl's "Bremen" System} Be7 (3...
Bb4 4. Bg2 O-O 5. e4 (5. b3 Re8 6. a3 Bxc3 7. dxc3 d6 8. e4 Nbd7 9. Qc2 Nc5 10.
Be3 Bd7 11. Rd1 b6 12. Ne2 Qc8 13. O-O Ng4 14. Bxc5 bxc5 15. h3 Nf6 16. Kh2 a5
17. a4 Rb8 18. Nc1 Bc6 19. f3 g6 20. Rf2 Qe6 21. Bf1 Kg7 22. Bd3 Rf8 23. Qe2
Rbe8 24. Rh1 Nh5 25. Bc2 f5 26. Nd3 f4 27. gxf4 Nxf4 28. Nxf4 Rxf4 29. Kg1 Qf6
30. Rhh2 Rf8 31. Bd1 Qh4 32. Qf1 Bd7 33. Qg2 Qh6 34. Be2 Rh4 35. Bf1 Qe3 36.
Qg3 Rxe4 {0-1 Pieper Emden,C-Christiansen,L/BL9091 1991/BL 90}) (5. Nf3 e4 6.
Ng5 Bxc3 7. bxc3 Re8 8. f3 exf3 9. Nxf3 Qe7 10. e3 d6 11. O-O Nc6 12. d3 Ne5
13. Nh4 Bg4 14. Qc2 Qd7 15. Bxb7 Rad8 16. Bg2 d5 17. cxd5 Nxd5 18. e4 Nb4 19.
cxb4 Qd4+ 20. Kh1 Qxa1 21. Be3 Qxf1+ 22. Bxf1 Rd6 23. Bc5 {
1-0 Kosic,D-Bogdanovski,V/JUG-sf Kladovo 1990/TD 90\01}) 5... Bxc3 6. bxc3 Re8
7. Ne2 c6 8. Qb3 b6 9. O-O Bb7 10. f4 exf4 11. d3 d5 12. Bxf4 Nbd7 13. exd5
Rxe2 14. Bf3 Qe7 15. Qd1 Re3 16. dxc6 Rxf3 17. Qxf3 Qc5+ 18. Be3 Bxc6 19. Qf4
Qh5 20. Bd4 Ng4 21. h4 Nge5 22. Bxe5 Nxe5 23. d4 Nxc4 24. Rae1 Qd5 25. Re2 h6
26. g4 Qh1+ 27. Kf2 Qxh4+ 28. Kg1 Rf8 29. Rh2 Qe7 30. Rh5 Qe3+ 31. Qxe3 Nxe3
32. Re1 Nxg4 33. d5 Nf6 {0-1 Christiansen,L-Ephisin,V/New York op 1990/EXP 16})
4. Nf3 d6 5. Bg2 O-O (5... c5 6. d3 Bg4 7. e4 Nc6 8. Be3 Qd7 9. O-O O-O 10. Qd2
Bh3 11. b3 a6 12. a3 Qg4 13. Bg5 h6 14. Bxf6 Bxf6 15. Rab1 Nd4 16. Nxd4 exd4
17. Ne2 Bg5 18. Nf4 Bxf4 19. Qxf4 Qxf4 20. gxf4 {
Byrne,P-Graefe,S/DVMi U15 1995/1/2-1/2 (33)}) 6. d4 exd4 $146 (6... Nbd7 7. h3
c6 8. O-O a5 9. e4 Re8 10. Qc2 Qc7 11. Be3 exd4 12. Nxd4 Nc5 13. b3 Bf8 14.
Rad1 h6 15. Rd2 Bd7 16. Rfd1 Rad8 17. a3 Bc8 18. Nde2 Ncd7 19. Na4 b6 20. g4
Nc5 21. Nac3 {Mandl,R-Harari,Z/Dortmund op-A 1993/TD 93\06/1-0 (57)}) 7. Nxd4
c6 {Controls b5} 8. O-O Na6 9. a3 {Covers b4} Nc5 10. b4 Ne6 11. Nf5 Nc7 12.
Nxe7+ Qxe7 13. Bb2 $11 (13. Bg5 Nce8 $16) 13... Be6 14. Qd3 Rad8 $14 (14...
Rfe8 15. Rad1 $11) 15. Rac1 $11 (15. Qd4 a6 $14) 15... d5 16. cxd5 Ncxd5 17.
Qc2 Rfe8 18. Rfe1 Qd7 $14 (18... Nb6 19. Ne4 $11) 19. Rcd1 Bg4 $16 (19... Qe7
$142 $5 $14 {must definitely be considered}) 20. Ne4 $11 (20. f3 Ne3 21. Rxd7
Nxc2 22. Rxd8 Rxd8 23. Rc1 $11) 20... Nxe4 21. Bxe4 {
White fights for the Initiative} Qe6 $16 (21... h6 $5 $14 {is noteworthy}) 22.
Bxh7+ Kf8 23. Qc5+ Ne7 24. Qg5 $14 (24. Rxd8 $142 $5 Rxd8 25. Qxa7 $18) 24...
f6 {Prevents intrusion on e5} 25. Qc1 g6 $2 $18 (25... Rxd1 $142 {
and Black is still in the game} 26. Rxd1 Bxe2 $11) 26. f3 $4 $14 {
gives the opponent new chances} (26. Qh6+ $142 {and White gets the upper hand}
Kf7 27. Bxg6+ Nxg6 28. Rxd8 Rxd8 29. Qh7+ Kf8 30. Qxg6 Bxe2 31. Bxf6 $18 (31.
Qxf6+ $6 Qxf6 32. Bxf6 Rd1 33. Rxd1 Bxd1 $16)) 26... Kg7 $2 $18 (26... Bh5 $142
$5 {and Black can hope to survive} 27. Qh6+ Kf7 $11) 27. Bxg6 Nxg6 28. fxg4
Qxg4 (28... Rxd1 29. Qxd1 Qxg4 30. Rf1 Qxe2 31. Qd7+ Kg8 32. Bd4 $18) 29. Rxd8
(29. Rf1 Rxd1 30. Bxf6+ Kh7 31. Qxd1 Rxe2 $18) 29... Rxd8 30. Qe3 (30. Rf1 Rf8
$18) 30... Rd5 (30... a6 $18) 31. Rf1 (31. Qxa7 Qd7 $18) 31... Ne5 32. Rf4 (32.
Qxa7 Qxe2 33. Bxe5 Qxe5 34. Qxb7+ Kg6 $18) 32... Qh3 {Threatening mate... how?}
33. Bd4 {White begins to deal mighty blows} b6 (33... Qd7 34. Rh4 $18) 34. Rh4
Qf5 (34... Qd7 $18) 35. Qh6+ Kf7 36. Rf4 $16 (36. e4 $142 {
and White has reached his goal} Qg6 37. Qh7+ Qxh7 38. Rxh7+ Kg6 39. exd5 Nf3+
40. Kf2 Nxd4 41. Rh4 $18) 36... Qg6 37. Qh8 c5 38. bxc5 bxc5 39. Bc3 Qg7 (39...
Rd1+ $142 $5 40. Kg2 Nd7 $18) 40. Qa8 Rd1+ (40... Ke6 41. Bxe5 Rxe5 42. Qc6+
Kf7 43. Qc7+ Re7 44. Qxc5 $18) 41. Kg2 Ke6 (41... Nd7 {what else?} 42. Qxa7 Qg5
43. Rxf6+ Ke7 $18) 42. Qc8+ (42. Bxe5 $142 {and White wins} Qd7 43. Bc3 Qd5+
44. Re4+ Kd6 45. Qd8+ Kc6 46. Qxf6+ Kb7 47. Qe7+ Kb6 48. Qe6+ Qxe6 49. Rxe6+
Kb5 50. Re3 $18) 42... Qd7 (42... Rd7 43. Ra4 Qe7 44. Rxa7 $18) 43. Qxc5 (43.
Qg8+ {seems even better} Qf7 44. Qxf7+ Nxf7 45. Rxf6+ Ke7 $18) 43... Qb7+ (
43... Qd5+ 44. Qxd5+ Rxd5 45. h4 $18) 1-0